01777cam a22003614i 4500003000900000005001700009008004100026035001900067040003300086082002100119110003500140245009800175264002800273300002700301336002100328337002500349338002300374504003500397505077700432526001001209526001001219526001001229526001001239526000801249526000801257526000801265526000801273526000801281526000801289526000801297650004801305650006201353PE-LiUPU20250731172825.0150617s r 000 0 d a(Sirsi) a15060 aPE-LiUPUbspacPE-LiUPUerda04a262.385bC742212 aConferencial Episcopal Peruana10aDocumentos de la Conferencia Episcopal Peruana (1979-1989) /cConferencial Episcopal Peruana. 1aLima :bLatinas,c1989. a455 páginas ;c20 cm atext2rdacontent aunmediated2rdamedia avolume2rdacarrier aIncluye nota bibliográficas.0 aOrientaciones sobre la acogida y aplicación del documento de puebla. -Declaración ante la huelga magistral. -Sugerencias para la aplicación del documento de puebla a la realidad pastoral del Perú. -Acuerdos de la asamblea general de 1979. -El mensaje a los agentes pastorales sobre las publicaciones escritas. -Comunicado a los sacerdotes, religiosos y religiosas con ocasión del proceso electoral. -Acuerdo sobre la práctica de la doble firma del párroco en las partidas. -Mensaje al pueblo peruano al terminar la asamblea general de 1981. -Acuerdo de la asamblea general de 1981. -Declaración contra la pornigrafía. -Comunicado sobre profanaciones y robos sacrílegos. -Instrucción pastoral del episcopado sobre el sacramento de la reconciliación. aSEG42 aSEG41 aSEG40 aSEG39 aP94 aP87 aP86 aP85 aP77 aP76 aP3504aCONCILIOS Y SINODOS (DOCUMENTOS 1979-1989).04aDOCUMENTACION (CONFERENCIA EPISCOPADO PERUANO) 1979-1989.